[Event "GER-ch Seniors 50 34th"]
[Site "Magdeburg"]
[Date "2022.08.13"]
[Round "2"]
[White "Zude, Arno"]
[Black "Hoffmann, Uwe"]
[Result "1-0"]
[WhiteElo "2371"]
[BlackElo "2077"]
[PlyCount "111"]
[EventDate "2022.08.12"]
[EventType "swiss"]
[EventRounds "9"]
[EventCountry "GER"]
[SourceTitle "CBM 209 Extra"]
[Source "ChessBase"]
[SourceDate "2022.09.30"]
[SourceVersion "1"]
[SourceVersionDate "2022.09.30"]
[SourceQuality "1"]

1. e4 c5 2. Nf3 Nc6 3. d4 cxd4 4. Nxd4 Nf6 5. Nc3 e5 6. Ndb5 d6 7. Bg5 a6 8. Na3 Be6 9. Nc4 Rc8 10. Nd5 Bxd5 11. exd5 Nb8 12. a4 Be7 13. Be2 0-0 14. Be3 Nbd7 15. a5 Ne8 16. Qd2 f5 17. f3 Bf6 18. 0-0 Qe7 19. Rab1 Nc7 20. Na3 Rce8 21. Rfe1 Kh8 22. c4 Qf7 23. Qb4 Nc5 24. Bxc5 dxc5 25. Qxc5 e4 26. Nc2 g5 27. fxe4 fxe4 28. Rf1 Qg7 29. Rf2 Be5 30. Rbf1 Rxf2 31. Rxf2 g4 32. g3 h5 33. Rf5 Qh7 34. Rf8+ Rxf8 35. Qxf8+ Qg8 36. Qh6+ Qh7 37. Qf8+ Qg8 38. Qf5 Qe8 39. b4 Bc3 40. Kg2 Qe5 41. Qxe5+ Bxe5 42. h3 gxh3+ 43. Kxh3 Na8 44. g4 hxg4+ 45. Kxg4 b6 46. Kf5 Bc3 47. d6 Kg7 48. Kxe4 bxa5 49. bxa5 Bxa5 50. c5 Kf6 51. Kd5 Kf7 52. Kc6 Ke6 53. Nd4+ Ke5 54. Nb3 Bd8 55. Kd7 Bh4 56. Bf3 1-0

[Event "BL2-West 2122"]
[Site "Germany"]
[Date "2022.06.18"]
[Round "7.5"]
[White "Chilla, Jan Eric"]
[Black "Zude, Arno"]
[Result "1/2-1/2"]
[WhiteElo "2236"]
[BlackElo "2378"]
[PlyCount "62"]
[EventDate "2022.03.05"]
[EventType "team-tourn"]
[EventRounds "10"]
[EventCountry "GER"]
[SourceTitle "EXT 2023"]
[Source "ChessBase"]
[SourceDate "2022.10.05"]
[SourceVersion "1"]
[SourceVersionDate "2022.10.05"]
[SourceQuality "1"]
[WhiteTeam "Muenster"]
[BlackTeam "Hofheim"]
[WhiteTeamCountry "GER"]
[BlackTeamCountry "GER"]

1. Nf3 Nf6 2. g3 d5 3. Bg2 c6 4. 0-0 Bg4 5. d4 e6 6. Nbd2 Nbd7 7. Re1 Be7 8. e4 dxe4 9. Nxe4 Nxe4 10. Rxe4 Nf6 11. Re1 0-0 12. c3 Qb6 13. Qb3 Bxf3 14. Bxf3 Rfd8 15. Bg5 h6 16. Bxf6 Bxf6 17. Rad1 Rd6 18. Kg2 g6 19. Be4 Kg7 20. Bc2 Qc7 21. Qc4 Rad8 22. Qe2 b6 23. h4 h5 24. Qe4 c5 25. dxc5 Qxc5 26. Rxd6 Rxd6 27. Rd1 Rxd1 28. Bxd1 Qd6 29. Bf3 Qd2 30. Qe2 Qxe2 31. Bxe2 Be5 1/2-1/2

[Event "BL2-Sued 1920"]
[Site "Germany"]
[Date "2020.02.08"]
[Round "7.6"]
[White "Korpa, Bence"]
[Black "Zude, Arno"]
[Result "1-0"]
[WhiteElo "2560"]
[BlackElo "2372"]
[PlyCount "69"]
[EventDate "2019.10.19"]
[EventType "team-tourn"]
[EventRounds "11"]
[EventCountry "GER"]
[SourceTitle "CBM 194 Extra"]
[Source "ChessBase"]
[SourceDate "2020.03.31"]
[SourceVersion "1"]
[SourceVersionDate "2020.03.31"]
[SourceQuality "1"]
[WhiteTeam "Emmendingen"]
[BlackTeam "Hofheim"]
[WhiteTeamCountry "GER"]
[BlackTeamCountry "GER"]

1. Nf3 d5 2. g3 c6 3. Bg2 Bg4 4. 0-0 e6 5. c4 Nd7 6. cxd5 cxd5 7. Nc3 Ne7 8. Qb3 Nc5 9. Qb5+ Nc6 10. Ne5 a6 11. Nxc6 axb5 12. Nxd8 b4 13. Nxb7 Nxb7 14. h3 Bh5 15. g4 Bg6 16. Nb5 Ra5 17. Nd4 h5 18. g5 Bd6 19. d3 0-0 20. Nb3 Ra6 21. e4 dxe4 22. dxe4 Nc5 23. Be3 Nxe4 24. Rfd1 Be7 25. Bxe4 Bxe4 26. Bc5 Bc2 27. Bxe7 Bxd1 28. Rxd1 Rb8 29. Nc1 Rb7 30. Bc5 Ra5 31. Be3 e5 32. g6 fxg6 33. h4 Kf7 34. f3 Ke6 35. Nb3 1-0

[Event "Bayern-chI Bank Hofmann 22nd"]
[Site "Tegernsee"]
[Date "2018.11.04"]
[Round "9"]
[White "Zude, Arno"]
[Black "Boehm, Juergen1111"]
[Result "1-0"]
[WhiteElo "2349"]
[BlackElo "2174"]
[PlyCount "134"]
[EventDate "2018.10.27"]
[EventType "swiss"]
[EventRounds "9"]
[EventCountry "GER"]
[SourceTitle "CBM 187 Extra"]
[Source "ChessBase"]
[SourceDate "2018.11.04"]
[SourceVersion "1"]
[SourceVersionDate "2018.11.04"]
[SourceQuality "1"]

1. e4 e6 2. d4 d5 3. Nc3 Bb4 4. e5 c5 5. a3 Bxc3+ 6. bxc3 Ne7 7. Qg4 cxd4 8. cxd4 Qc7 9. Bd2 0-0 10. Bd3 f5 11. exf6 Rxf6 12. Qh5 h6 13. Nf3 Bd7 14. Ne5 Nbc6 15. 0-0 Be8 16. Qg4 Nf5 17. Nxc6 Bxc6 18. Bf4 Qd7 19. Be5 Rff8 20. Rab1 a6 21. Rb6 Bb5 22. Rb1 Bc6 23. a4 Rac8 24. a5 Qf7 25. h3 Rfd8 26. R1b3 Bb5 27. Bxb5 axb5 28. R3xb5 Rd7 29. Qe2 Rc4 30. Qd3 Qe7 31. g4 Nh4 32. Bg3 Rxd4 33. Qe3 Re4 34. Qc3 Rc4 35. Qb3 Qf6 36. Rxb7 Rxb7 37. Rxb7 Rc3 38. Qb4 Nf3+ 39. Kg2 Ne1+ 40. Kf1 Nxc2 41. Qf4 Ra3 42. Qb8+ Kh7 43. Be5 Ra1+ 44. Bxa1 Qxa1+ 45. Rb1 Qxa5 46. Qe5 Qa3 47. Kg2 Qd3 48. Rb7 Qe4+ 49. Qxe4+ dxe4 50. Kg3 e3 51. fxe3 Nxe3 52. Re7 Nd5 53. Rxe6 Kg8 54. Rd6 Ne7 55. Kf4 Kf7 56. Ke5 Ng6+ 57. Ke4 Nh4 58. Ra6 Ng6 59. Kf5 Nh4+ 60. Kf4 Ng6+ 61. Kg3 Ne7 62. h4 Ng6 63. h5 Ne7 64. Kf4 g6 65. Ke5 gxh5 66. gxh5 Kg7 67. Ra7 Kf7 1-0

[Event "Bayern-chI Bank Hofmann 22nd"]
[Site "Tegernsee"]
[Date "2018.10.31"]
[Round "5"]
[White "Kulaots, Kaido"]
[Black "Zude, Arno"]
[Result "1/2-1/2"]
[WhiteElo "2546"]
[BlackElo "2349"]
[PlyCount "148"]
[EventDate "2018.10.27"]
[EventType "swiss"]
[EventRounds "9"]
[EventCountry "GER"]
[SourceTitle "CBM 187 Extra"]
[Source "ChessBase"]
[SourceDate "2018.11.04"]
[SourceVersion "1"]
[SourceVersionDate "2018.11.04"]
[SourceQuality "1"]

1. c4 e6 2. Nf3 Nf6 3. g3 d5 4. Bg2 dxc4 5. Qa4+ Bd7 6. Qxc4 c5 7. Ne5 Qc8 8. Qd3 Nc6 9. Nxd7 Nxd7 10. Nc3 Be7 11. b3 0-0 12. Bb2 Nb4 13. Qb1 Nf6 14. 0-0 Qd7 15. Rd1 Rac8 16. a3 Nc6 17. b4 cxb4 18. axb4 Bxb4 19. Ne4 Nxe4 20. Bxe4 g6 21. Bxc6 bxc6 22. Qe4 Rb8 23. Qf4 Be7 24. Bc3 f6 25. Ra4 Rb7 26. Rda1 Rc8 27. Qe3 c5 28. Rxa7 e5 29. Rxb7 Qxb7 30. f4 exf4 31. Qxf4 Qc6 32. Qc4+ Kg7 33. Ra6 Qd7 34. g4 h6 35. Qe4 Bd6 36. Qf3 Rf8 37. Kg2 Qe7 38. e3 Rf7 39. Qd5 Be5 40. Bxe5 Qxe5 41. Qxe5 fxe5 42. Rd6 e4 43. h3 Rc7 44. Kg3 Rf7 45. Rd5 c4 46. Rc5 Rd7 47. Rxc4 Rxd2 48. Rxe4 Rd1 49. Re7+ Kf6 50. Rh7 Rg1+ 51. Kf3 Rf1+ 52. Ke4 Rg1 53. Kf3 Rf1+ 54. Kg2 Ra1 55. Rxh6 Kg7 56. g5 Ra8 57. e4 Re8 58. Kf3 Rf8+ 59. Ke3 Rd8 60. h4 Re8 61. h5 gxh5 62. Rxh5 Kg6 63. Rh6+ Kxg5 64. Rd6 Ra8 65. Kd4 Kf4 66. Rf6+ Kg5 67. e5 Ra4+ 68. Kd5 Ra5+ 69. Ke6 Ra6+ 70. Ke7 Ra7+ 71. Kf8 Ra5 72. Re6 Kf5 73. Re7 Rxe5 74. Rxe5+ Kxe5 1/2-1/2

[Event "Hessen-ch"]
[Site "Frankfurt"]
[Date "2018.05.13"]
[Round "9"]
[White "Lagunow, Raphael"]
[Black "Zude, Arno"]
[Result "1/2-1/2"]
[WhiteElo "2368"]
[BlackElo "2372"]
[PlyCount "82"]
[EventDate "2018.05.09"]
[EventType "swiss"]
[EventRounds "9"]
[EventCountry "GER"]
[SourceTitle "EXT 2019"]
[Source "ChessBase"]
[SourceDate "2018.10.10"]
[SourceVersion "1"]
[SourceVersionDate "2018.10.10"]
[SourceQuality "1"]

1. e4 e5 2. Nf3 Nc6 3. Bc4 Nf6 4. d3 Be7 5. 0-0 0-0 6. Re1 d6 7. a4 Na5 8. Ba2 c5 9. c3 Nc6 10. Na3 a6 11. h3 Be6 12. Nc4 h6 13. Bd2 Re8 14. Ne3 Bxa2 15. Rxa2 d5 16. exd5 Nxd5 17. Nc4 Bf6 18. Qb3 Rb8 19. a5 Qd7 20. Raa1 Rbd8 21. Rad1 Re6 22. Re4 Qc7 23. Qa3 Nce7 24. Rde1 Ng6 25. Qa4 Nde7 26. Qc2 Nc6 27. b4 Qd7 28. d4 cxd4 29. cxd4 Nxd4 30. Nxd4 exd4 31. Rxe6 d3 32. Re8+ Rxe8 33. Rxe8+ Qxe8 34. Qxd3 Qc6 35. Ne3 Bg5 36. Nf5 Nh4 37. Nxh4 Bxh4 38. Bc3 Be7 39. Qe3 Bf8 40. Qd4 Qe6 41. f3 Qc6 1/2-1/2

[Event "Hessen-ch"]
[Site "Frankfurt"]
[Date "2018.05.11"]
[Round "5"]
[White "Lubbe, Melanie"]
[Black "Zude, Arno"]
[Result "1-0"]
[WhiteElo "2312"]
[BlackElo "2372"]
[PlyCount "81"]
[EventDate "2018.05.09"]
[EventType "swiss"]
[EventRounds "9"]
[EventCountry "GER"]
[SourceTitle "EXT 2019"]
[Source "ChessBase"]
[SourceDate "2018.10.10"]
[SourceVersion "1"]
[SourceVersionDate "2018.10.10"]
[SourceQuality "1"]

1. e4 e5 2. Nf3 Nc6 3. d4 exd4 4. Nxd4 Nf6 5. Nxc6 bxc6 6. e5 Qe7 7. Qe2 Nd5 8. c4 Nb6 9. Nc3 Qe6 10. Qe4 Bb4 11. Bd2 Bxc3 12. Bxc3 d5 13. cxd5 cxd5 14. Qd4 0-0 15. Bd3 Bb7 16. 0-0 c5 17. Qxc5 d4 18. Bxd4 Bxg2 19. Kxg2 Qg4+ 20. Kh1 Qf3+ 21. Kg1 Qg4+ 22. Kh1 Qf3+ 23. Kg1 Rac8 24. Qa3 Qg4+ 25. Kh1 Qf3+ 26. Kg1 Qg4+ 27. Kh1 Qxd4 28. Rad1 Rfd8 29. Bf5 Nc4 30. Qh3 Nd2 31. Bxc8 Qd5+ 32. f3 Nxf1 33. Rxf1 Qxe5 34. b3 Qb2 35. Ba6 Qxa2 36. Bc4 Qa5 37. Qh4 Re8 38. Qf4 Qh5 39. Rg1 h6 40. Qf6 g5 41. Rd1 1-0